[Event "World School-ch U11 Girls"]
[Site "Rhodes"]
[Date "2023.04.15"]
[Round "2"]
[White "Advika, Vinai"]
[Black "Buyankhishig, Batpelden"]
[Result "0-1"]
[WhiteElo "1167"]
[BlackElo "1399"]
[PlyCount "126"]
[EventDate "2023.04.14"]
[EventType "swiss"]
[EventRounds "9"]
[EventCountry "GRE"]
[SourceTitle "EXT 2024"]
[Source "ChessBase"]
[SourceDate "2023.10.10"]
[SourceVersion "1"]
[SourceVersionDate "2023.10.10"]
[SourceQuality "1"]

1. Nf3 Nf6 2. g3 g6 3. Bg2 Bg7 4. 0-0 0-0 5. d3 d5 6. Nbd2 c5 7. e4 dxe4 8. dxe4 Nc6 9. Re1 Bg4 10. h3 Be6 11. Ng5 Bc8 12. e5 Ne8 13. Nde4 Qxd1 14. Rxd1 Nxe5 15. Nxc5 Nd6 16. Nge4 Nxe4 17. Nxe4 Bf5 18. c3 Rac8 19. f4 Nc4 20. g4 Bxe4 21. Bxe4 Nd6 22. Bd5 Rfd8 23. Bb3 b6 24. Be3 Bf8 25. Rd2 Ne4 26. Rxd8 Rxd8 27. Bc2 Nd6 28. Rd1 Rc8 29. Bd4 Bh6 30. g5 Bg7 31. Bb3 h6 32. gxh6 Bxd4+ 33. Rxd4 Kh7 34. Rd1 Kxh6 35. Kg2 Kg7 36. Kf3 Kf6 37. a3 Rc5 38. Rd5 Rc8 39. Rd1 Rh8 40. Kg2 Rh4 41. Rf1 Rh5 42. Ba2 Ne4 43. Re1 Nc5 44. Rd1 Na4 45. Bb3 Nc5 46. Bc2 Ne6 47. Kg3 Rb5 48. b4 Rh5 49. Bb3 Rf5 50. Bxe6 Kxe6 51. c4 Rh5 52. Rd8 g5 53. f5+ Kxf5 54. Rd5+ Ke6 55. Kg4 Rh4+ 56. Kxg5 Rxh3 57. a4 f6+ 58. Kf4 Rh4+ 59. Ke3 Rxc4 60. Rb5 Kd6 61. Kd3 Rh4 62. Kc3 e5 63. Kd3 Kc6 0-1

[Event "Penang op-A 14th"]
[Site "Penang"]
[Date "2022.12.21"]
[Round "5"]
[White "Advika, Vinai"]
[Black "Wong, Shyun Fwu Aldrin"]
[Result "0-1"]
[WhiteElo "1221"]
[BlackElo "1468"]
[PlyCount "96"]
[EventDate "2022.12.19"]
[EventType "swiss"]
[EventRounds "9"]
[EventCountry "MAS"]
[SourceTitle "CBM 211 Extra"]
[Source "ChessBase"]
[SourceDate "2023.01.31"]
[SourceVersion "1"]
[SourceVersionDate "2023.01.31"]
[SourceQuality "1"]

1. e4 e5 2. Nf3 Nc6 3. Bb5 a6 4. Ba4 Nf6 5. 0-0 b5 6. Bb3 Bc5 7. c3 d6 8. d4 Bb6 9. dxe5 Nxe5 10. Nxe5 dxe5 11. Qxd8+ Kxd8 12. Bg5 Ke7 13. Bxf6+ gxf6 14. Nd2 h5 15. Bd5 Rb8 16. b4 Rg8 17. Kh1 Be6 18. Bxe6 fxe6 19. a4 Rbd8 20. a5 Ba7 21. Rad1 Rd3 22. Nb1 Rgd8 23. Rxd3 Rxd3 24. h3 c5 25. bxc5 Bxc5 26. Kh2 b4 27. Rc1 b3 28. f3 h4 29. c4 Bb4 30. c5 Bxa5 31. c6 Bc7 32. Rc3 Rxc3 33. Nxc3 Ba5 34. Nb1 Be1 35. Kg1 Kd6 36. Kf1 Bg3 37. c7 Kxc7 38. Ke2 Kb6 39. Kd3 Kb5 40. Kc3 Ka4 41. Kb2 Bf2 42. Nd2 Bd4+ 43. Kb1 Kb4 44. Nf1 a5 45. g3 a4 46. gxh4 a3 47. Nd2 a2+ 48. Kc1 a1Q+ 0-1

[Event "Wch U10 Girls"]
[Site "Batumi"]
[Date "2022.09.26"]
[Round "10"]
[White "Diaskyzy, Daliya"]
[Black "Advika, Vinai"]
[Result "1/2-1/2"]
[WhiteElo "1199"]
[BlackElo "1133"]
[PlyCount "58"]
[EventDate "2022.09.16"]
[EventType "swiss"]
[EventRounds "11"]
[EventCountry "GEO"]
[SourceTitle "EXT 2023"]
[Source "ChessBase"]
[SourceDate "2022.10.05"]
[SourceVersion "1"]
[SourceVersionDate "2022.10.05"]
[SourceQuality "1"]

1. e4 c5 2. Nf3 Nc6 3. d4 cxd4 4. Nxd4 g6 5. Nc3 Bg7 6. Be3 d6 7. Qd2 Nf6 8. f3 0-0 9. 0-0-0 d5 10. exd5 Nxd5 11. Nxc6 bxc6 12. Bd4 e6 13. h4 Qa5 14. a3 e5 15. Bf2 Nxc3 16. Qxc3 Qxc3 17. bxc3 Be6 18. g4 Bd5 19. Be2 e4 20. fxe4 Bxe4 21. Rh3 f5 22. g5 f4 23. Bc4+ Kh8 24. h5 gxh5 25. Be2 f3 26. Bd3 Bg6 27. Bxg6 hxg6 28. Rd3 Rf5 29. Rhxf3 Rxg5 1/2-1/2

[Event "Wch U10 Girls"]
[Site "Batumi"]
[Date "2022.09.24"]
[Round "8"]
[White "Advika, Vinai"]
[Black "Redina, Ekaterina"]
[Result "0-1"]
[WhiteElo "1133"]
[BlackElo "1316"]
[PlyCount "86"]
[EventDate "2022.09.16"]
[EventType "swiss"]
[EventRounds "11"]
[EventCountry "GEO"]
[SourceTitle "EXT 2023"]
[Source "ChessBase"]
[SourceDate "2022.10.05"]
[SourceVersion "1"]
[SourceVersionDate "2022.10.05"]
[SourceQuality "1"]

1. e4 c5 2. Nf3 e6 3. d4 cxd4 4. Nxd4 Nf6 5. Nc3 d6 6. Bc4 Be7 7. 0-0 0-0 8. Be3 Nxe4 9. Nxe4 d5 10. Bd3 dxe4 11. Bxe4 Nd7 12. Nb3 Qc7 13. c3 Nf6 14. Bf3 e5 15. Qc2 Be6 16. Rad1 Rfd8 17. Nd2 a6 18. Ne4 Nd5 19. Bc1 h6 20. a3 Rac8 21. Rfe1 Qb6 22. Ng3 Qc7 23. h3 b5 24. Qe4 Bd6 25. Nf5 Nf6 26. Qc2 Bc5 27. Rxd8+ Rxd8 28. Ng3 a5 29. b4 Bb6 30. Be3 Bxe3 31. Rxe3 axb4 32. axb4 Rc8 33. Qe2 Bc4 34. Qe1 Re8 35. Ne4 Nd5 36. Nc5 Nxe3 37. Qxe3 Rd8 38. Be4 Qa7 39. Qg3 Qe7 40. Qe3 Qf6 41. g4 Rd1+ 42. Kh2 Rf1 43. f3 Qh4 0-1

[Event "Wch U10 Girls"]
[Site "Batumi"]
[Date "2022.09.20"]
[Round "5"]
[White "Advika, Vinai"]
[Black "Qian, Ashley"]
[Result "0-1"]
[WhiteElo "1133"]
[BlackElo "1350"]
[PlyCount "70"]
[EventDate "2022.09.16"]
[EventType "swiss"]
[EventRounds "11"]
[EventCountry "GEO"]
[SourceTitle "EXT 2023"]
[Source "ChessBase"]
[SourceDate "2022.10.05"]
[SourceVersion "1"]
[SourceVersionDate "2022.10.05"]
[SourceQuality "1"]

1. e4 c5 2. b3 Nc6 3. Bb2 d6 4. Nc3 Nf6 5. Nf3 e6 6. Bb5 Bd7 7. 0-0 Be7 8. Re1 0-0 9. Bc4 a6 10. a4 Qc7 11. d4 cxd4 12. Nxd4 Rac8 13. Nxc6 Bxc6 14. f3 Rfd8 15. Qe2 d5 16. exd5 Nxd5 17. Nxd5 Bxd5 18. Bxd5 Rxd5 19. c4 Rd7 20. Kh1 Rcd8 21. Rad1 Bb4 22. Rxd7 Qxd7 23. Rc1 Qd3 24. Qxd3 Rxd3 25. h4 Rxb3 26. Bd4 h6 27. Kh2 Rd3 28. Bb2 Rb3 29. Bd4 f6 30. f4 Bd2 31. Rf1 Rb4 32. Rf2 Bc1 33. a5 Rxc4 34. Bb6 Bxf4+ 35. g3 Be5 0-1

[Event "Wch U10 Girls"]
[Site "Batumi"]
[Date "2022.09.17"]
[Round "2"]
[White "Chen, Shuang"]
[Black "Advika, Vinai"]
[Result "1-0"]
[WhiteElo "1339"]
[BlackElo "1133"]
[PlyCount "69"]
[EventDate "2022.09.16"]
[EventType "swiss"]
[EventRounds "11"]
[EventCountry "GEO"]
[SourceTitle "EXT 2023"]
[Source "ChessBase"]
[SourceDate "2022.10.05"]
[SourceVersion "1"]
[SourceVersionDate "2022.10.05"]
[SourceQuality "1"]

1. e4 c5 2. Nf3 d6 3. Bb5+ Bd7 4. Bxd7+ Qxd7 5. 0-0 Nf6 6. Qe2 Nc6 7. c3 g6 8. d4 cxd4 9. cxd4 Qc7 10. Nc3 Bg7 11. Be3 0-0 12. h3 e6 13. Rac1 Qd7 14. Rfd1 Qe7 15. Ne1 d5 16. e5 Nd7 17. Nd3 Nb6 18. b3 Nd7 19. Nb5 a6 20. Nc3 f6 21. f4 fxe5 22. fxe5 Rac8 23. Na4 b6 24. Rc2 Nb4 25. Nxb4 Qxb4 26. Rxc8 Rxc8 27. Qxa6 Rc2 28. Rf1 Rxa2 29. Qc8+ Nf8 30. Qe8 Qxb3 31. Qf7+ Kh8 32. Bg5 Qxa4 33. Bf6 Rxg2+ 34. Kxg2 Qc2+ 35. Kg1 1-0

[Event "Eastern Asia-ch U10 Girls"]
[Site "Tornelo INT"]
[Date "2021.10.24"]
[Round "7"]
[White "Wang, Xin Yu Aimee"]
[Black "Advika, Vinai"]
[Result "1/2-1/2"]
[WhiteElo "1074"]
[BlackElo "1032"]
[PlyCount "106"]
[EventDate "2021.10.22"]
[EventType "swiss"]
[EventRounds "9"]
[EventCountry "NET"]
[SourceTitle "EXT 2023"]
[Source "ChessBase"]
[SourceDate "2022.10.05"]
[SourceVersion "1"]
[SourceVersionDate "2022.10.05"]
[SourceQuality "1"]

1. d4 d6 2. c4 Nf6 3. Nc3 g6 4. Nf3 Bg7 5. e4 0-0 6. Bg5 Nbd7 7. Be2 c5 8. 0-0 cxd4 9. Nxd4 Nc5 10. Bxf6 Bxf6 11. b4 Nd7 12. Rc1 Bg7 13. Re1 Ne5 14. Nf3 Nxf3+ 15. Bxf3 Be6 16. Nd5 Re8 17. Nf4 Bd7 18. c5 dxc5 19. bxc5 Bc6 20. h3 Qxd1 21. Rexd1 Rad8 22. Nd5 Rd7 23. Nb4 Bb5 24. Rxd7 Bxd7 25. c6 bxc6 26. Nxc6 a6 27. Be2 Be6 28. Bxa6 Bxa2 29. Bb5 Be6 30. f4 Kh8 31. e5 Bh6 32. Rf1 Bd7 33. Kh2 Rc8 34. Na7 Bxb5 35. Nxb5 Rc4 36. g3 Rc2+ 37. Kg1 f6 38. exf6 exf6 39. Nd6 Kg7 40. Rf2 Rc1+ 41. Kg2 g5 42. Nf5+ Kg6 43. Nxh6 Kxh6 44. fxg5+ fxg5 45. Rf6+ Kg7 46. Rf5 Kg6 47. Rf2 h5 48. Re2 Rc6 49. Rf2 Rf6 50. Rxf6+ Kxf6 51. Kf2 Ke6 52. Ke2 g4 53. h4 Kd6 1/2-1/2